Suurimmat banaanien tuottajat maailmassa - Statistics

Yleistilastot
  • Tätä visaa on pelattu 47 kertaa
  • Keskiarvotulos 6 / 10
Vastaustilastot
Miljoonaa tonnia Valtio % Oikein
6.8 Brasilia
91%
2.9 Kolumbia
82%
30.5 Intia
80%
12 Kiina
76%
7.3 Indonesia
67%
6.6 Ecuador
53%
6.0 Filippiinit
53%
3.4 Tansania
38%
4.0 Angola
22%
4.3 Guatemala
22%
Ehtoja vastaavia visoja ei löytynyt
Tulosjakauma
Jokaisen tuloksen saaneiden osuus
Persentiili vastausten määrän mukaan
Tuloshistoriasi
Et ole pelannut tätä visaa